[Event "Polanica Zdroj op-D 58th"]
[Site "Polanica Zdroj"]
[Date "2022.08.15"]
[Round "3"]
[White "Owoc, Jakub"]
[Black "Perek, Oskar"]
[Result "1-0"]
[WhiteElo "1756"]
[BlackElo "1555"]
[PlyCount "67"]
[EventDate "2022.08.13"]
[EventType "swiss"]
[EventRounds "9"]
[EventCountry "POL"]
[SourceTitle "CBM 210 Extra"]
[Source "ChessBase"]
[SourceDate "2022.11.30"]
[SourceVersion "1"]
[SourceVersionDate "2022.11.30"]
[SourceQuality "1"]

1. e4 e5 2. Nf3 Nc6 3. d4 exd4 4. Nxd4 Nf6 5. Nxc6 bxc6 6. e5 Qe7 7. Qe2 Nd5 8. c4 Ba6 9. b3 g6 10. Bb2 Bg7 11. g3 0-0 12. Bg2 Rfe8 13. 0-0 Rab8 14. Re1 f6 15. Qe4 f5 16. Qc2 Nb6 17. Nd2 c5 18. f4 Bb7 19. Bxb7 Rxb7 20. Nf3 h6 21. Rad1 Qf7 22. Re3 Rbb8 23. Red3 Rbd8 24. Qf2 Bf8 25. a4 Be7 26. a5 Nc8 27. Rxd7 Qf8 28. Qd2 Kh7 29. Qc3 a6 30. R1d2 Rxd7 31. Rxd7 Rd8 32. Qd3 c6 33. e6 Nd6 34. Qxd6 1-0

[Event "Polanica Zdroj op-D 58th"]
[Site "Polanica Zdroj"]
[Date "2022.08.14"]
[Round "2"]
[White "Perek, Oskar"]
[Black "Penza, Denis"]
[Result "1/2-1/2"]
[WhiteElo "1555"]
[BlackElo "1836"]
[PlyCount "37"]
[EventDate "2022.08.13"]
[EventType "swiss"]
[EventRounds "9"]
[EventCountry "POL"]
[SourceTitle "CBM 210 Extra"]
[Source "ChessBase"]
[SourceDate "2022.11.30"]
[SourceVersion "1"]
[SourceVersionDate "2022.11.30"]
[SourceQuality "1"]

1. e4 e6 2. d4 d5 3. exd5 exd5 4. Nf3 Nf6 5. Bd3 Bd6 6. Bg5 0-0 7. 0-0 Bg4 8. Nbd2 Nbd7 9. c3 c5 10. dxc5 Nxc5 11. Bc2 Ne6 12. Bh4 Nf4 13. Bb3 Bc5 14. Qc2 Qd6 15. Rad1 Bh5 16. Nc4 Qa6 17. Nce5 Rfe8 18. Rfe1 Bxf3 19. Nxf3 1/2-1/2

[Event "Polanica Zdroj op-D 56th"]
[Site "Polanica Zdroj"]
[Date "2020.08.19"]
[Round "5"]
[White "Perek, Oskar"]
[Black "Zyla, Tomasz"]
[Result "0-1"]
[WhiteElo "1447"]
[BlackElo "1543"]
[PlyCount "80"]
[EventDate "2020.08.15"]
[EventType "swiss"]
[EventRounds "9"]
[EventCountry "POL"]
[SourceTitle "CBM 198 Extra"]
[Source "ChessBase"]
[SourceDate "2020.11.30"]
[SourceVersion "1"]
[SourceVersionDate "2020.11.30"]
[SourceQuality "1"]

1. e4 c5 2. b4 cxb4 3. d4 d6 4. a3 bxa3 5. c3 g6 6. Nxa3 Bg7 7. Nf3 Nf6 8. Bd3 Nc6 9. Bd2 0-0 10. h3 e5 11. d5 Ne7 12. Qc2 Nd7 13. g4 Nc5 14. Bg5 f6 15. Bh4 a6 16. Rg1 Bd7 17. Qd1 Qa5 18. Ke2 Qxc3 19. Nc4 Bb5 20. Rc1 Qxd3+ 21. Qxd3 Nxd3 22. Kxd3 Rac8 23. Nfd2 Bh6 24. g5 fxg5 25. Rxg5 Rf7 26. f3 Bxg5 27. Bxg5 Kg7 28. Ke3 Bxc4 29. Rxc4 Rxc4 30. Nxc4 Nc8 31. Na5 h6 32. Bh4 g5 33. Be1 Kf8 34. Bb4 Ke8 35. Nc4 Kd7 36. Bxd6 Nxd6 37. Nxe5+ Ke7 38. Nxf7 Nxf7 39. Kd4 Kd6 40. h4 b5 0-1

[Event "Polanica Zdroj op-D 56th"]
[Site "Polanica Zdroj"]
[Date "2020.08.15"]
[Round "1"]
[White "Perek, Oskar"]
[Black "Sypien, Natan"]
[Result "0-1"]
[WhiteElo "1447"]
[BlackElo "1794"]
[PlyCount "52"]
[EventDate "2020.08.15"]
[EventType "swiss"]
[EventRounds "9"]
[EventCountry "POL"]
[SourceTitle "CBM 198 Extra"]
[Source "ChessBase"]
[SourceDate "2020.11.30"]
[SourceVersion "1"]
[SourceVersionDate "2020.11.30"]
[SourceQuality "1"]

1. e4 e5 2. Nf3 Nc6 3. d4 exd4 4. Nxd4 Nf6 5. Nxc6 bxc6 6. e5 Qe7 7. Qe2 Nd5 8. c4 Nb6 9. b3 g6 10. Ba3 d6 11. f4 Bg7 12. Nd2 0-0 13. 0-0-0 a5 14. Nf3 a4 15. Qc2 Rd8 16. Bd3 Bg4 17. exd6 cxd6 18. h3 Bxf3 19. gxf3 Qe3+ 20. Kb1 axb3 21. Qxb3 Rdb8 22. Bxd6 Nd7 23. Bxb8 Rxb8 24. Qxb8+ Nxb8 25. Rhe1 Qb6+ 26. Kc2 Qb2# 0-1